2 obras de teatro / (Record no. 108442)

MARC details
000 -LEADER
campo de control de longitud fija 00677nam a2200205 4500
001 - NÚMERO DE CONTROL
campo de control 108442
003 - IDENTIFICADOR DE NÚMERO DE CONTROL
campo de control ES-MaACL
005 - FECHA Y HORA DE LA ÚLTIMA TRANSACCIÓN
campo de control 20230906184637.0
007 - CAMPO FIJO DE DESCRIPCIÓN FÍSICA--INFORMACIÓN GENERAL
campo de control de longitud fija t|
008 - DATOS DE LONGITUD FIJA--INFORMACIÓN GENERAL
campo de control de longitud fija 061121s1951 mx r ||||1| spa d
100 1# - ENTRADA PRINCIPAL--NOMBRE DE PERSONA
Nombre de persona Mondragón, Magdalena.
9 (RLIN) 82152
245 10 - MENCIÓN DEL TÍTULO
Título 2 obras de teatro /
Mención de responsabilidad, etc. Magdalena Mondragón.
260 ## - PUBLICACIÓN, DISTRIBUCIÓN, ETC.
Lugar de publicación, distribución, etc. México :
Nombre del editor, distribuidor, etc. Gráfs. de Divulgación de la Secretaría de Educación Pública,
Fecha de publicación, distribución, etc. 1951.
300 ## - DESCRIPCIÓN FÍSICA
Extensión 94 p., 2 lám ;
Dimensiones 19 cm.
490 1# - MENCIÓN DE SERIE
Mención de serie México-Grupo América
505 8# - NOTA DE CONTENIDO CON FORMATO
Nota de contenido con formato Contiene: La sirena que llevaba el mar. El mundo perdido
830 0# - PUNTO DE ACCESO ADICIONAL DE SERIE-TÍTULO UNIFORME
Título uniforme México-Grupo América
9 (RLIN) 232939
852 ## - LOCALIZACIÓN
Ubicación ES-MaACL
Número de control de estantería 1988-F-7
Sublocalización o colección R.34162
Holdings
Estatus retirado Estado de pérdida Estado de daño No para préstamo Colección Biblioteca de origen Biblioteca actual Ubicación en estantería Fecha de adquisición Fuente de adquisición Total de préstamos Signatura topográfica completa Código de barras Visto por última vez Precio de reemplazo Tipo de ítem Koha
        Colección de folletos Biblioteca del Ateneo de Madrid Biblioteca del Ateneo de Madrid Depósito folletos 17/01/2008     1988-F-7 1113157 23/02/2023 23/02/2023 Folleto